000 00207 a2200097 4500
001 41756
100 _aSpacks P M
245 _aGossip
260 _a
_bUniversity of Chicago Press
_c
090 _c25868
_d25868
942 _aNUST-CAE
_cM
_c17633
999 _c276829
_d276829